书目信息 |
| 题名: |
建筑系统工程学
|
|
| 作者: | 王要武 主编 | |
| 分册: | ||
| 出版信息: | 北京 中国建筑工业出版社 2008.04 |
|
| 页数: | 212页 | |
| 开本: | 26cm | |
| 丛书名: | ||
| 单 册: | ||
| 中图分类: | TU-0 | |
| 科图分类: | ||
| 主题词: | 建筑工程--jian zhu gong cheng--系统工程--高等学校--教材 | |
| 电子资源: | ||
| ISBN: | 978-7-112-09841-5 | |
| 000 | 00956nam0 2200265 450 | |
| 001 | 012008540531 | |
| 005 | 20080728161639.26 | |
| 010 | @a978-7-112-09841-5@dCNY22.00 | |
| 100 | @a20080728d2008 em y0chiy0120 ea | |
| 101 | 0 | @achi |
| 102 | @aCN@b110000 | |
| 105 | @aak a 000yy | |
| 106 | @ar | |
| 200 | 1 | @a建筑系统工程学@Ajian zhu xi tong gong cheng xue@f王要武主编@Fwang yao wu zhu bian |
| 205 | @a第2版 | |
| 210 | @a北京@c中国建筑工业出版社@d2008.04 | |
| 215 | @a212页@c图@d26cm | |
| 300 | @a普通高等教育“十一五”国家级规划教材 高等学校工程管理专业规划教材 | |
| 320 | @a有书目 (第212页) | |
| 330 | @a本书共分为9章,分别为:系统与系统工程、系统分析、结构模型、网络模型、模拟技术、系统动态学、系统综合评价、BP神经网络、系统工程应用案例。 | |
| 606 | 0 | @a建筑工程@Ajian zhu gong cheng@x系统工程@x高等学校@j教材 |
| 690 | @aTU-0@v4 | |
| 701 | 0 | @a王要武@Awang yao wu@4主编 |
| 801 | 0 | @aCN@bQSSK@c20080728 |
| 905 | @b731502-04@dTU-0@eW417@f3 | |
| 建筑系统工程学/王要武主编.-第2版.-北京:中国建筑工业出版社,2008.04 |
| 212页:图;26cm |
| 普通高等教育“十一五”国家级规划教材 高等学校工程管理专业规划教材 |
| ISBN 978-7-112-09841-5:CNY22.00 |
| 本书共分为9章,分别为:系统与系统工程、系统分析、结构模型、网络模型、模拟技术、系统动态学、系统综合评价、BP神经网络、系统工程应用案例。 |
| ● |
| 相关链接 |
|
|
|
正题名:建筑系统工程学
索取号:TU-0/W417
 
预约/预借
| 序号 | 登录号 | 条形码 | 馆藏地/架位号 | 状态 | 备注 |
| 1 | 731502 | 207315029 | 建筑库101/101建筑库 2排4列1层/ [索取号:TU-0/W417] | 在馆 | |
| 2 | 731503 | 207315038 | 建筑库101/101建筑库 2排4列1层/ [索取号:TU-0/W417] | 在馆 | |
| 3 | 731504 | 207315047 | 建筑库101/101建筑库 2排4列1层/ [索取号:TU-0/W417] | 在馆 |